Slovenská pošta nahrádza letáky propagačnými zásielkami

Príloha č. 2 k opatreniu č. 302 PVSP. Zabezpečovanie dopravy propagačných zásielok, ktorú vykonáva Slovenská pošta, š.p. Typy propagačných zásielok. Zasielacie podmienky. Poskytované služby. Podávanie propagačných zásielok. Dodávanie propagačných zásielok. Cena na podanie. Reklamácie.

Saved in:
Bibliographic Details
Format: Book Chapter
Language:Slovak
Subjects:
Tags: Add Tag
No Tags, Be the first to tag this record!

MARC

LEADER 00000naa a2200000 4500
001 r034294
005 20230926080854.7
041 0 |a slo 
044 |a SK 
245 1 0 |a Slovenská pošta nahrádza letáky propagačnými zásielkami 
520 |a Príloha č. 2 k opatreniu č. 302 PVSP. Zabezpečovanie dopravy propagačných zásielok, ktorú vykonáva Slovenská pošta, š.p. Typy propagačných zásielok. Zasielacie podmienky. Poskytované služby. Podávanie propagačných zásielok. Dodávanie propagačných zásielok. Cena na podanie. Reklamácie. 
610 2 0 |a zásielky poštové 
610 2 0 |a Slovenská pošta, š.p. Banská Bystrica 
610 2 0 |a prevádzka poštová 
610 2 0 |a služby 
610 2 0 |a ceny 
610 2 0 |a reklamácie